[Event "DEM U10w 2024"]
[Site "Willingen GER"]
[Date "2024.05.20"]
[Round "4"]
[White "Malan, Benita Helena"]
[Black "He, Siqi"]
[Result "0-1"]
[Termination "normal"]
[Board "20"]
[WhiteElo "738"]
[BlackElo "907"]
[WhiteClock "00:59:15"]
[BlackClock "01:20:22"]
[PlyCount "100"]
[BlackFideId "34682708"]
[EventCountry "GER"]
[EventRounds "11"]
[EventType "swiss"]
[EventDate "2024.05.18"]

1. e4 {[%clk 01:15:57]} {[%emt 00:00:04]} e5 {[%clk 01:15:58]} {[%emt
00:00:02]} 2. Nf3 {[%clk 01:16:16]} {[%emt 00:00:09]} Nc6 {[%emt 00:00:08]} 3.
Bc4 {[%clk 01:16:32]} {[%emt 00:00:12]} Bc5 {[%clk 01:16:45]} {[%emt 00:00:09]}
4. c3 {[%clk 01:16:49]} {[%emt 00:00:13]} d6 {[%clk 01:17:01]} {[%emt
00:00:14]} 5. h3 {[%clk 01:17:09]} {[%emt 00:00:09]} Nf6 {[%clk 01:17:10]}
{[%emt 00:00:22]} 6. d4 {[%clk 01:17:24]} {[%emt 00:00:14]} O-O {[%clk
01:17:16]} {[%emt 00:00:24]} 7. O-O {[%clk 01:17:35]} {[%emt 00:00:19]} Nxe4
{[%clk 01:17:20]} {[%emt 00:00:25]} 8. dxc5 {[%clk 01:17:39]} {[%emt 00:00:25]}
dxc5 {[%clk 01:17:32]} {[%emt 00:00:21]} 9. Qxd8 {[%clk 01:17:44]} {[%emt
00:00:23]} Rxd8 {[%clk 01:17:56]} {[%emt 00:00:07]} 10. Bg5 {[%clk 01:17:51]}
{[%emt 00:00:22]} Nxg5 {[%clk 01:18:02]} {[%emt 00:00:25]} 11. Nxg5 {[%clk
01:18:02]} {[%emt 00:00:19]} h6 {[%clk 01:18:19]} {[%emt 00:00:13]} 12. Bxf7+
{[%clk 01:18:12]} {[%emt 00:00:20]} Kf8 {[%clk 01:18:15]} {[%emt 00:00:34]} 13.
Na3 {[%clk 01:18:11]} {[%emt 00:00:31]} hxg5 {[%clk 01:18:40]} {[%emt
00:00:05]} 14. Bg6 {[%clk 01:18:15]} {[%emt 00:00:25]} Rd6 {[%clk 01:18:30]}
{[%emt 00:00:42]} 15. Bh7 {[%clk 01:17:39]} {[%emt 00:01:04]} Rh6 {[%clk
01:18:35]} {[%emt 00:00:26]} 16. Rad1 {[%clk 01:17:46]} {[%emt 00:00:22]} Rxh7
{[%clk 01:18:12]} {[%emt 00:00:54]} 17. Nc4 {[%clk 01:17:42]} {[%emt 00:00:34]}
b5 {[%clk 01:18:10]} {[%emt 00:00:33]} 18. Nxe5 {[%clk 01:17:54]} {[%emt
00:00:16]} Nxe5 {[%clk 01:18:32]} {[%emt 00:00:10]} 19. Rd8+ {[%clk 01:18:15]}
{[%emt 00:00:09]} Ke7 {[%clk 01:18:46]} {[%emt 00:00:15]} 20. Rfd1 {[%clk
01:17:14]} {[%emt 00:01:29]} Bb7 {[%clk 01:18:54]} {[%emt 00:00:25]} 21. R8d2
{[%clk 01:16:59]} {[%emt 00:00:43]} Nf7 {[%clk 01:18:37]} {[%emt 00:00:47]} 22.
Rd7+ {[%clk 01:15:44]} {[%emt 00:01:46]} Ke8 {[%clk 01:18:15]} {[%emt
00:00:50]} 23. Rxc7 {[%clk 01:15:55]} {[%emt 00:00:21]} Ba6 {[%clk 01:18:11]}
{[%emt 00:00:34]} 24. Rcd7 {[%clk 01:15:34]} {[%emt 00:00:48]} Rh6 {[%clk
01:17:49]} {[%emt 00:00:54]} 25. R7d2 {[%clk 01:15:49]} {[%emt 00:00:13]} Rd8
{[%clk 01:17:52]} {[%emt 00:00:30]} 26. Re1+ {[%clk 01:15:41]} {[%emt
00:00:38]} Kf8 {[%clk 01:17:39]} {[%emt 00:00:42]} 27. Rde2 {[%clk 01:13:34]}
{[%emt 00:02:39]} b4 {[%clk 01:17:34]} {[%emt 00:00:34]} 28. cxb4 {[%clk
01:13:50]} {[%emt 00:00:14]} Bxe2 {[%clk 01:17:56]} {[%emt 00:00:08]} 29. Rxe2
{[%clk 01:14:12]} {[%emt 00:00:08]} cxb4 {[%clk 01:18:22]} {[%emt 00:00:04]}
30. a4 {[%clk 01:13:24]} {[%emt 00:01:19]} Ra6 {[%clk 01:18:27]} {[%emt
00:00:25]} 31. b3 {[%clk 01:13:43]} {[%emt 00:00:11]} Rd3 {[%clk 01:18:36]}
{[%emt 00:00:21]} 32. g3 {[%clk 01:05:16]} {[%emt 00:08:55]} Rxb3 {[%clk
01:18:03]} {[%emt 00:01:04]} 33. h4 {[%emt 00:00:18]} gxh4 {[%emt 00:00:07]}
34. gxh4 {[%clk 01:02:55]} {[%emt 00:02:25]} Rxa4 {[%clk 01:17:33]} {[%emt
00:01:02]} 35. f4 {[%clk 01:03:11]} {[%emt 00:00:13]} Ra1+ {[%clk 01:17:51]}
{[%emt 00:00:12]} 36. Kg2 {[%clk 01:03:37]} {[%emt 00:00:03]} Ra6 {[%clk
01:18:01]} {[%emt 00:00:20]} 37. f5 {[%clk 01:03:52]} {[%emt 00:00:16]} Rd3
{[%clk 01:17:39]} {[%emt 00:00:50]} 38. h5 {[%clk 01:03:27]} {[%emt 00:00:56]}
Rb6 {[%clk 01:17:52]} {[%emt 00:00:19]} 39. h6 {[%clk 01:03:32]} {[%emt
00:00:23]} gxh6 {[%clk 01:18:15]} {[%emt 00:00:08]} 40. Rf2 {[%clk 01:03:52]}
{[%emt 00:00:10]} b3 {[%clk 01:18:38]} {[%emt 00:00:07]} 41. Rb2 {[%clk
01:04:05]} {[%emt 00:00:16]} a5 {[%clk 01:18:57]} {[%emt 00:00:12]} 42. Kf2
{[%clk 01:04:21]} {[%emt 00:00:09]} a4 {[%clk 01:19:13]} {[%emt 00:00:20]} 43.
Ke2 {[%emt 00:00:21]} a3 {[%emt 00:00:12]} 44. Rb1 {[%clk 01:04:01]} {[%emt
00:00:17]} a2 {[%clk 01:19:36]} {[%emt 00:00:08]} 45. Ra1 {[%clk 01:04:19]}
{[%emt 00:00:10]} b2 {[%clk 01:19:59]} {[%emt 00:00:07]} 46. Re1 {[%clk
00:59:47]} {[%emt 00:05:01]} b1=R {[%emt 00:00:30]} 47. f6 {[%clk 00:59:36]}
{[%emt 00:00:21]} Rxe1+ {[%clk 01:20:42]} {[%emt 00:00:09]} 48. Kxd3 {[%clk
00:59:32]} {[%emt 00:00:33]} Rc6 {[%clk 01:20:45]} {[%emt 00:00:28]} 49. Kd2
{[%clk 00:59:33]} a1=R {[%clk 01:20:47]} {[%emt 00:00:57]} 50. Kd3 {[%clk
00:59:15]} {[%emt 00:00:47]} Rad1# {[%clk 01:20:22]} {[%emt 00:00:24]} 0-1

[Event "DEM U10w 2024"]
[Site "Willingen GER"]
[Date "2024.05.20"]
[Round "4"]
[White "Wittmann, Finja-Marie"]
[Black "Fahim, Lina"]
[Result "1-0"]
[Termination "normal"]
[Board "21"]
[WhiteElo "763"]
[BlackElo "744"]
[WhiteClock "01:24:57"]
[BlackClock "01:01:32"]
[PlyCount "79"]
[WhiteFideId "34673903"]
[BlackFideId "533004820"]
[EventCountry "GER"]
[EventRounds "11"]
[EventType "swiss"]
[EventDate "2024.05.18"]

1. e4 {[%clk 01:15:58]} {[%emt 00:02:25]} e5 {[%clk 01:15:51]} {[%emt
00:00:09]} 2. Nf3 {[%clk 01:16:22]} {[%emt 00:00:06]} Nc6 {[%clk 01:16:12]}
{[%emt 00:00:09]} 3. Bc4 {[%clk 01:16:47]} {[%emt 00:00:05]} Bc5 {[%clk
01:16:32]} {[%emt 00:00:09]} 4. c3 {[%clk 01:17:12]} {[%emt 00:00:06]} Nf6
{[%clk 01:15:58]} {[%emt 00:01:05]} 5. d4 {[%clk 01:17:34]} {[%emt 00:00:08]}
exd4 {[%clk 01:16:11]} {[%emt 00:00:16]} 6. cxd4 {[%emt 00:00:22]} O-O {[%clk
01:15:42]} {[%emt 00:00:42]} 7. dxc5 {[%clk 01:18:15]} {[%emt 00:00:13]} Re8
{[%clk 01:15:43]} {[%emt 00:00:29]} 8. Qd3 {[%clk 01:18:13]} {[%emt 00:00:32]}
Nxe4 {[%clk 01:16:03]} {[%emt 00:00:11]} 9. O-O {[%clk 01:18:38]} {[%emt
00:00:05]} d6 {[%clk 01:15:22]} {[%emt 00:01:11]} 10. Bd5 {[%clk 01:19:00]}
{[%emt 00:00:08]} Nb4 {[%clk 01:15:07]} {[%emt 00:00:45]} 11. Qe3 {[%clk
01:19:18]} {[%emt 00:00:11]} Nxd5 {[%clk 01:15:18]} {[%emt 00:00:19]} 12. cxd6
{[%clk 01:19:27]} {[%emt 00:00:21]} Re6 {[%clk 01:14:38]} {[%emt 00:01:10]} 13.
dxc7 {[%clk 01:19:47]} {[%emt 00:00:11]} Qd7 {[%clk 01:14:16]} {[%emt
00:00:52]} 14. Nc3 {[%clk 01:20:01]} {[%emt 00:00:17]} h6 {[%clk 01:11:30]}
{[%emt 00:03:15]} 15. Qd4 {[%clk 01:19:18]} {[%emt 00:01:11]} Rg6 {[%clk
01:10:44]} {[%emt 00:01:18]} 16. Ne5 {[%clk 01:19:31]} {[%emt 00:00:17]} Qd6
{[%clk 01:09:17]} {[%emt 00:01:55]} 17. Qxe4 {[%clk 01:19:45]} {[%emt
00:00:19]} Re6 {[%clk 01:09:11]} {[%emt 00:00:35]} 18. Nxd5 {[%emt 00:00:51]}
Qxe5 {[%clk 01:08:15]} {[%emt 00:00:56]} 19. Qc4 {[%clk 01:20:03]} {[%emt
00:00:22]} Rc6 {[%clk 01:08:23]} {[%emt 00:00:21]} 20. Ne7+ {[%clk 01:20:18]}
{[%emt 00:00:15]} Qxe7 {[%clk 01:08:08]} {[%emt 00:00:44]} 21. Qg4 {[%clk
01:20:29]} {[%emt 00:00:20]} Rxc7 {[%clk 01:07:54]} {[%emt 00:00:45]} 22. Qf4
{[%clk 01:20:39]} {[%emt 00:00:19]} Qe2 {[%clk 01:07:24]} {[%emt 00:01:01]} 23.
Qxc7 {[%clk 01:20:52]} {[%emt 00:00:17]} Be6 {[%clk 01:07:04]} {[%emt
00:00:49]} 24. Qxb7 {[%clk 01:21:10]} {[%emt 00:00:12]} Re8 {[%clk 01:07:00]}
{[%emt 00:00:34]} 25. Bf4 {[%clk 01:21:07]} {[%emt 00:00:33]} Bc4 {[%clk
01:05:58]} {[%emt 00:01:31]} 26. Rac1 {[%clk 01:21:24]} {[%emt 00:00:14]} Qd3
{[%clk 01:05:57]} {[%emt 00:00:27]} 27. Qc7 {[%clk 01:21:35]} {[%emt 00:00:23]}
Qd8 {[%clk 01:06:02]} {[%emt 00:00:24]} 28. Qxc4 {[%clk 01:21:54]} {[%emt
00:00:12]} Qb6 {[%clk 01:05:34]} {[%emt 00:00:58]} 29. Qd3 {[%clk 01:22:12]}
{[%emt 00:00:12]} Qxb2 {[%clk 01:04:53]} {[%emt 00:01:11]} 30. Qg3 {[%clk
01:22:23]} {[%emt 00:00:19]} Kf8 {[%clk 01:03:44]} {[%emt 00:01:40]} 31. Bd6+
{[%clk 01:22:42]} {[%emt 00:00:10]} Re7 {[%clk 01:03:55]} {[%emt 00:00:18]} 32.
Qe5 {[%clk 01:23:07]} {[%emt 00:00:05]} Qxe5 {[%clk 01:04:09]} {[%emt
00:00:16]} 33. Bxe5 {[%clk 01:23:00]} {[%emt 00:00:37]} Rxe5 {[%clk 01:03:59]}
{[%emt 00:00:41]} 34. Rc8+ {[%clk 01:23:18]} {[%emt 00:00:11]} Ke7 {[%clk
01:04:03]} {[%emt 00:00:22]} 35. Rc7+ {[%clk 01:23:41]} {[%emt 00:00:12]} Kf6
{[%clk 01:04:21]} {[%emt 00:00:11]} 36. Rxa7 {[%clk 01:24:03]} {[%emt
00:00:09]} Rg5 {[%clk 01:01:55]} {[%emt 00:02:55]} 37. Ra6+ {[%clk 01:24:27]}
{[%emt 00:00:08]} Ke7 {[%clk 01:02:06]} {[%emt 00:00:16]} 38. Re1+ {[%clk
01:24:46]} {[%emt 00:00:13]} Kd8 {[%clk 01:02:19]} {[%emt 00:00:17]} 39. Ra7
{[%clk 01:25:06]} {[%emt 00:00:10]} Kc8 {[%clk 01:01:32]} {[%emt 00:01:17]} 40.
Re8# {[%clk 01:24:57]} {[%emt 00:00:09]} 1-0

[Event "DEM U10w 2024"]
[Site "Willingen GER"]
[Date "2024.05.21"]
[Round "5"]
[White "Tu, Tiffany"]
[Black "Shynkar, Daria"]
[Result "0-1"]
[Termination "normal"]
[Board "1"]
[WhiteElo "1618"]
[BlackElo "1661"]
[WhiteClock "00:14:22"]
[BlackClock "00:19:44"]
[PlyCount "98"]
[WhiteFideId "34628576"]
[BlackFideId "34163212"]
[EventCountry "GER"]
[EventRounds "11"]
[EventType "swiss"]
[EventDate "2024.05.18"]

1. e4 {[%clk 01:15:58]} {[%emt 00:00:02]} c5 {[%clk 01:15:57]} {[%emt
00:00:03]} 2. Nc3 {[%clk 01:16:21]} {[%emt 00:00:07]} Nc6 {[%clk 01:16:19]}
{[%emt 00:00:09]} 3. Bb5 {[%clk 01:16:46]} {[%emt 00:00:05]} Nd4 {[%clk
01:16:45]} {[%emt 00:00:04]} 4. Nf3 {[%clk 01:17:07]} {[%emt 00:00:09]} Nxb5
{[%clk 01:16:41]} {[%emt 00:00:34]} 5. Nxb5 {[%clk 01:17:29]} {[%emt 00:00:07]}
d5 {[%clk 01:16:30]} {[%emt 00:00:41]} 6. exd5 {[%clk 01:16:31]} {[%emt
00:01:28]} a6 {[%clk 01:16:49]} {[%emt 00:00:11]} 7. Nc3 {[%clk 01:16:32]}
{[%emt 00:00:29]} Nf6 {[%clk 01:17:13]} {[%emt 00:00:06]} 8. d4 {[%clk
01:15:18]} {[%emt 00:01:44]} Nxd5 {[%clk 01:15:42]} {[%emt 00:02:01]} 9. Ne4
{[%clk 01:10:38]} {[%emt 00:05:10]} e6 {[%clk 01:11:13]} {[%emt 00:05:00]} 10.
O-O {[%clk 01:08:25]} {[%emt 00:02:42]} c4 {[%clk 00:55:12]} {[%emt 00:16:31]}
11. c3 {[%clk 01:05:32]} {[%emt 00:03:23]} Be7 {[%clk 00:54:58]} {[%emt
00:00:42]} 12. Ne5 {[%clk 01:04:49]} {[%emt 00:01:13]} O-O {[%clk 00:50:53]}
{[%emt 00:04:37]} 13. Qh5 {[%clk 01:01:45]} {[%emt 00:03:33]} Nf6 {[%clk
00:49:36]} {[%emt 00:01:47]} 14. Nxf6+ {[%clk 01:00:30]} {[%emt 00:01:46]} Bxf6
{[%clk 00:48:22]} {[%emt 00:01:44]} 15. Nxc4 {[%clk 00:57:59]} {[%emt
00:03:00]} b5 {[%clk 00:45:12]} {[%emt 00:03:40]} 16. Ne5 {[%clk 00:56:41]}
{[%emt 00:01:47]} Qd5 {[%clk 00:42:59]} {[%emt 00:02:38]} 17. f4 {[%clk
00:51:11]} {[%emt 00:06:06]} Bb7 {[%clk 00:41:41]} {[%emt 00:01:47]} 18. Qf3
{[%clk 00:49:23]} {[%emt 00:02:19]} Qxf3 {[%clk 00:41:50]} {[%emt 00:00:22]}
19. Nxf3 {[%clk 00:49:36]} {[%emt 00:00:15]} a5 {[%clk 00:39:36]} {[%emt
00:02:46]} 20. Ne5 {[%clk 00:45:28]} {[%emt 00:04:37]} Rfd8 {[%clk 00:38:55]}
{[%emt 00:01:08]} 21. Be3 {[%clk 00:44:43]} {[%emt 00:01:18]} Be7 {[%clk
00:37:26]} {[%emt 00:01:57]} 22. Rac1 {[%clk 00:40:45]} {[%emt 00:04:30]} f6
{[%clk 00:36:43]} {[%emt 00:01:14]} 23. Nf3 {[%clk 00:38:32]} {[%emt 00:02:43]}
Bd5 {[%clk 00:35:39]} {[%emt 00:01:33]} 24. b3 {[%clk 00:36:33]} {[%emt
00:02:30]} Ba3 {[%clk 00:34:45]} {[%emt 00:01:23]} 25. Rc2 {[%clk 00:35:50]}
{[%emt 00:01:12]} Be4 {[%clk 00:34:58]} {[%emt 00:00:18]} 26. Rd2 {[%clk
00:35:08]} {[%emt 00:01:13]} Rac8 {[%clk 00:34:59]} {[%emt 00:00:24]} 27. d5
{[%clk 00:29:57]} {[%emt 00:05:46]} Rxd5 {[%clk 00:32:36]} {[%emt 00:02:53]}
28. Rxd5 {[%clk 00:25:57]} {[%emt 00:04:30]} exd5 {[%clk 00:32:31]} {[%emt
00:00:35]} 29. Bb6 {[%clk 00:24:17]} {[%emt 00:02:10]} Bc5+ {[%clk 00:30:34]}
{[%emt 00:02:27]} 30. Bxc5 {[%clk 00:24:24]} {[%emt 00:00:23]} Rxc5 {[%clk
00:31:02]} {[%emt 00:00:02]} 31. Nd4 {[%clk 00:22:33]} {[%emt 00:02:19]} Rxc3
{[%clk 00:28:30]} {[%emt 00:03:02]} 32. Rd1 {[%clk 00:16:38]} {[%emt 00:06:22]}
b4 {[%clk 00:26:41]} {[%emt 00:02:23]} 33. Kf2 {[%clk 00:14:44]} {[%emt
00:02:24]} Kf7 {[%clk 00:24:44]} {[%emt 00:02:22]} 34. g3 {[%clk 00:12:00]}
{[%emt 00:03:20]} Ke7 {[%clk 00:24:35]} {[%emt 00:00:32]} 35. h4 {[%clk
00:10:40]} {[%emt 00:01:57]} Kd7 {[%clk 00:24:10]} {[%emt 00:00:48]} 36. Rd2
{[%clk 00:09:35]} {[%emt 00:01:42]} Rd3 {[%clk 00:23:53]} {[%emt 00:00:47]} 37.
Rxd3 {[%clk 00:08:48]} {[%emt 00:01:17]} Bxd3 {[%clk 00:24:17]} {[%emt
00:00:06]} 38. Ke3 {[%clk 00:09:08]} {[%emt 00:00:10]} Be4 {[%clk 00:23:14]}
{[%emt 00:01:30]} 39. g4 {[%clk 00:08:59]} {[%emt 00:00:42]} g6 {[%clk
00:22:11]} {[%emt 00:00:43]} 40. Ne2 {[%clk 00:02:39]} {[%emt 00:07:39]} Kd6
{[%clk 00:21:11]} {[%emt 00:01:23]} 41. Ng3 {[%clk 00:01:31]} {[%emt 00:01:46]}
Bb1 {[%clk 00:19:44]} {[%emt 00:01:57]} 42. h5 {[%clk 00:14:22]} {[%emt
00:02:39]} Bxa2 43. hxg6 hxg6 44. f5 g5 45. Kd4 Bxb3 46. Nh5 Ke7 47. Ng3 a4 48.
Ne2 a3 49. Nc1 Bc4 0-1

[Event "DEM U10w 2024"]
[Site "Willingen GER"]
[Date "2024.05.21"]
[Round "5"]
[White "Chen, Yuefan"]
[Black "Artemenko, Isabella"]
[Result "1/2-1/2"]
[Termination "normal"]
[Board "2"]
[WhiteElo "1682"]
[BlackElo "1237"]
[WhiteClock "00:15:47"]
[BlackClock "00:19:32"]
[PlyCount "80"]
[WhiteFideId "34653910"]
[BlackFideId "34639616"]
[EventCountry "GER"]
[EventRounds "11"]
[EventType "swiss"]
[EventDate "2024.05.18"]

1. d4 {[%clk 01:15:58]} {[%emt 00:00:02]} d5 {[%clk 01:15:57]} {[%emt
00:00:04]} 2. c4 {[%clk 01:16:23]} {[%emt 00:00:05]} e6 {[%clk 01:16:22]}
{[%emt 00:00:04]} 3. Nc3 {[%clk 01:16:49]} {[%emt 00:00:04]} Nf6 {[%clk
01:16:46]} {[%emt 00:00:05]} 4. cxd5 {[%clk 01:17:16]} {[%emt 00:00:04]} exd5
{[%clk 01:17:09]} {[%emt 00:00:08]} 5. Bg5 {[%clk 01:17:42]} {[%emt 00:00:03]}
Be7 {[%clk 01:17:18]} {[%emt 00:00:21]} 6. e3 {[%clk 01:18:06]} {[%emt
00:00:06]} h6 {[%clk 01:17:43]} {[%emt 00:00:05]} 7. Bh4 {[%clk 01:18:28]}
{[%emt 00:00:09]} O-O {[%clk 01:17:53]} {[%emt 00:00:20]} 8. Bd3 {[%clk
01:18:51]} {[%emt 00:00:06]} b6 {[%clk 01:17:53]} {[%emt 00:00:30]} 9. Nge2
{[%clk 01:18:20]} {[%emt 00:01:01]} Bb7 {[%clk 01:16:56]} {[%emt 00:01:27]} 10.
O-O {[%clk 01:18:00]} {[%emt 00:00:50]} Nbd7 {[%clk 01:17:00]} {[%emt
00:00:25]} 11. Rc1 {[%clk 01:14:29]} {[%emt 00:04:01]} c5 {[%clk 01:16:49]}
{[%emt 00:00:41]} 12. f3 {[%clk 01:12:28]} {[%emt 00:02:31]} c4 {[%clk
01:03:09]} {[%emt 00:14:10]} 13. Bb1 {[%clk 01:11:06]} {[%emt 00:01:52]} Re8
{[%clk 01:01:51]} {[%emt 00:01:48]} 14. Qc2 {[%clk 01:10:00]} {[%emt 00:01:36]}
Nf8 {[%clk 01:02:09]} {[%emt 00:00:12]} 15. Bf2 {[%clk 01:06:35]} {[%emt
00:03:55]} a6 {[%clk 01:00:24]} {[%emt 00:02:16]} 16. a4 {[%clk 01:02:15]}
{[%emt 00:04:50]} Bc6 {[%clk 00:57:38]} {[%emt 00:03:15]} 17. b3 {[%clk
00:59:55]} {[%emt 00:02:51]} Ba3 {[%clk 00:50:40]} {[%emt 00:07:27]} 18. Rcd1
{[%clk 00:59:27]} {[%emt 00:00:58]} Qc7 {[%clk 00:46:31]} {[%emt 00:04:37]} 19.
bxc4 {[%clk 00:57:21]} {[%emt 00:02:38]} dxc4 {[%clk 00:46:40]} {[%emt
00:00:21]} 20. Qa2 {[%clk 00:56:13]} {[%emt 00:01:38]} Bd6 {[%clk 00:46:51]}
{[%emt 00:00:19]} 21. Ng3 {[%clk 00:53:59]} {[%emt 00:02:43]} b5 {[%clk
00:45:13]} {[%emt 00:02:08]} 22. d5 {[%clk 00:48:58]} {[%emt 00:05:31]} Bd7
{[%clk 00:45:09]} {[%emt 00:00:33]} 23. Rc1 {[%clk 00:47:07]} {[%emt 00:02:21]}
Qc5 {[%clk 00:39:29]} {[%emt 00:06:07]} 24. Nce4 {[%clk 00:39:33]} {[%emt
00:08:07]} Nxe4 {[%clk 00:39:26]} {[%emt 00:00:33]} 25. Nxe4 {[%clk 00:39:17]}
{[%emt 00:00:47]} Qa3 {[%clk 00:39:07]} {[%emt 00:00:47]} 26. Nxd6 {[%clk
00:36:09]} {[%emt 00:03:40]} Qxd6 {[%clk 00:39:30]} {[%emt 00:00:06]} 27. Rfd1
{[%clk 00:34:15]} {[%emt 00:02:24]} Nh7 {[%clk 00:34:22]} {[%emt 00:05:38]} 28.
Qc2 {[%clk 00:32:57]} {[%emt 00:01:49]} Nf8 {[%clk 00:32:47]} {[%emt 00:02:04]}
29. e4 {[%clk 00:29:26]} {[%emt 00:04:02]} Qg6 {[%clk 00:31:22]} {[%emt
00:01:53]} 30. Qb2 {[%clk 00:28:12]} {[%emt 00:01:45]} Qd6 {[%clk 00:30:17]}
{[%emt 00:01:33]} 31. Bd4 {[%clk 00:25:50]} {[%emt 00:02:55]} f6 {[%clk
00:29:31]} {[%emt 00:01:15]} 32. Qf2 {[%clk 00:24:54]} {[%emt 00:01:26]} Red8
{[%clk 00:26:07]} {[%emt 00:03:54]} 33. Bc5 {[%clk 00:22:14]} {[%emt 00:03:10]}
Qe5 {[%clk 00:25:55]} {[%emt 00:00:40]} 34. f4 {[%clk 00:21:07]} {[%emt
00:01:40]} Qe8 {[%clk 00:25:13]} {[%emt 00:01:11]} 35. Rf1 {[%clk 00:20:12]}
{[%emt 00:01:26]} Bc8 {[%clk 00:21:12]} {[%emt 00:04:30]} 36. Qc2 {[%clk
00:18:20]} {[%emt 00:02:22]} Qg6 {[%clk 00:20:06]} {[%emt 00:01:32]} 37. Qe2
{[%clk 00:18:00]} {[%emt 00:00:54]} f5 {[%clk 00:18:49]} {[%emt 00:01:47]} 38.
Qf3 {[%clk 00:16:42]} {[%emt 00:01:49]} fxe4 {[%clk 00:18:47]} {[%emt
00:00:32]} 39. Bxe4 {[%clk 00:17:03]} {[%emt 00:00:08]} Bf5 {[%clk 00:19:10]}
{[%emt 00:00:07]} 40. Bxf5 {[%clk 00:15:47]} {[%emt 00:01:47]} Qxf5 {[%clk
00:19:32]} {[%emt 00:00:07]} 1/2-1/2

[Event "DEM U10w 2024"]
[Site "Willingen GER"]
[Date "2024.05.21"]
[Round "5"]
[White "Bashirova, Sona"]
[Black "Xu, Dorothea Sicheng"]
[Result "0-1"]
[Termination "normal"]
[Board "3"]
[WhiteElo "1608"]
[BlackElo "1255"]
[WhiteClock "00:07:38"]
[BlackClock "00:05:23"]
[PlyCount "73"]
[WhiteFideId "34664033"]
[BlackFideId "34667539"]
[EventCountry "GER"]
[EventRounds "11"]
[EventType "swiss"]
[EventDate "2024.05.18"]

1. e4 {[%clk 01:15:58]} {[%emt 00:00:01]} e5 {[%clk 01:15:52]} {[%emt
00:00:08]} 2. d4 {[%clk 01:16:22]} {[%emt 00:00:06]} exd4 {[%clk 01:14:59]}
{[%emt 00:01:23]} 3. f4 {[%clk 01:16:46]} {[%emt 00:00:06]} Nc6 {[%clk
01:14:25]} {[%emt 00:01:03]} 4. Nf3 {[%clk 01:17:04]} {[%emt 00:00:13]} Bc5
{[%clk 01:13:35]} {[%emt 00:01:20]} 5. Bd3 {[%clk 01:17:05]} {[%emt 00:00:28]}
Nge7 {[%clk 01:12:42]} {[%emt 00:01:24]} 6. O-O {[%clk 01:15:19]} {[%emt
00:02:16]} O-O {[%clk 01:11:23]} {[%emt 00:01:50]} 7. Qe1 {[%clk 01:09:38]}
{[%emt 00:06:10]} d5 {[%clk 01:09:00]} {[%emt 00:02:54]} 8. exd5 {[%clk
01:00:43]} {[%emt 00:09:24]} Nxd5 {[%clk 01:05:50]} {[%emt 00:03:41]} 9. Bxh7+
{[%clk 00:41:22]} {[%emt 00:19:51]} Kxh7 {[%clk 00:56:28]} {[%emt 00:09:50]}
10. Ng5+ {[%clk 00:41:42]} {[%emt 00:00:11]} Kg8 {[%clk 00:56:06]} {[%emt
00:00:47]} 11. Qh4 {[%clk 00:42:05]} {[%emt 00:00:14]} Nf6 {[%clk 00:52:13]}
{[%emt 00:04:22]} 12. Nd2 {[%clk 00:40:43]} {[%emt 00:01:53]} Bf5 {[%clk
00:46:39]} {[%emt 00:06:04]} 13. Rf3 {[%clk 00:37:08]} {[%emt 00:04:05]} d3+
{[%clk 00:43:13]} {[%emt 00:03:56]} 14. Kh1 {[%clk 00:37:24]} {[%emt 00:00:14]}
dxc2 {[%clk 00:40:46]} {[%emt 00:02:57]} 15. a3 {[%clk 00:33:16]} {[%emt
00:04:38]} Nd4 {[%clk 00:34:24]} {[%emt 00:06:52]} 16. Rf1 {[%clk 00:32:20]}
{[%emt 00:01:26]} Re8 {[%clk 00:30:02]} {[%emt 00:04:53]} 17. b4 {[%clk
00:32:30]} {[%emt 00:00:20]} Nb3 {[%clk 00:25:28]} {[%emt 00:05:04]} 18. Nxb3
{[%clk 00:32:12]} {[%emt 00:00:48]} Qd1 {[%clk 00:20:29]} {[%emt 00:05:26]} 19.
Bb2 {[%clk 00:30:42]} {[%emt 00:02:02]} c1=Q {[%clk 00:18:29]} {[%emt
00:02:31]} 20. Rxd1 {[%clk 00:26:19]} {[%emt 00:04:53]} Qxb2 {[%clk 00:17:54]}
{[%emt 00:01:04]} 21. Nxc5 {[%clk 00:26:32]} {[%emt 00:00:16]} b6 {[%clk
00:17:25]} {[%emt 00:01:01]} 22. Na6 {[%clk 00:21:15]} {[%emt 00:05:47]} Rac8
{[%clk 00:16:00]} {[%emt 00:01:55]} 23. a4 {[%clk 00:18:09]} {[%emt 00:03:36]}
Qe2 {[%clk 00:12:32]} {[%emt 00:03:56]} 24. b5 {[%clk 00:18:25]} {[%emt
00:00:17]} c6 {[%emt 00:01:19]} 25. Kg1 {[%clk 00:12:45]} {[%emt 00:06:04]}
cxb5 {[%clk 00:10:35]} {[%emt 00:01:43]} 26. axb5 {[%clk 00:13:06]} {[%emt
00:00:09]} Rc2 {[%clk 00:10:02]} {[%emt 00:01:03]} 27. Qg3 {[%clk 00:12:05]}
{[%emt 00:01:24]} Nh5 {[%clk 00:06:47]} {[%emt 00:03:51]} 28. Qf3 {[%clk
00:12:05]} {[%emt 00:00:31]} Qxf3 {[%clk 00:06:13]} {[%emt 00:01:05]} 29. Nxf3
{[%clk 00:12:16]} {[%emt 00:00:18]} Ree2 {[%clk 00:05:06]} {[%emt 00:01:37]}
30. g3 {[%clk 00:11:27]} {[%emt 00:01:19]} Rg2+ {[%clk 00:04:56]} {[%emt
00:00:40]} 31. Kh1 {[%clk 00:11:07]} {[%emt 00:00:51]} Bg4 {[%clk 00:04:55]}
{[%emt 00:00:31]} 32. Rd8+ {[%clk 00:10:59]} {[%emt 00:00:39]} Kh7 {[%clk
00:05:14]} {[%emt 00:00:10]} 33. Ng5+ {[%clk 00:11:07]} {[%emt 00:00:21]} Kg6
{[%clk 00:05:17]} {[%emt 00:00:27]} 34. Nb8 {[%clk 00:07:37]} {[%emt 00:04:01]}
Rxh2+ {[%clk 00:05:14]} {[%emt 00:00:33]} 35. Kg1 {[%clk 00:08:00]} {[%emt
00:00:06]} Rcg2+ {[%clk 00:05:23]} {[%emt 00:00:22]} 36. Kf1 {[%clk 00:07:38]}
{[%emt 00:00:52]} Nxg3+ 37. Ke1 Rg1# 0-1